[Event "PRO League KO Stage 2018"]
[Site "chess.com INT"]
[Date "2018.03.21"]
[Round "2"]
[White "Tang, Andrew"]
[Black "Chen, Forest"]
[Result "0-1"]
[WhiteTitle "IM"]
[WhiteElo "2509"]
[BlackElo "2107"]
[WhiteTeam "Minnesota Blizzard"]
[BlackTeam "Saint Louis Arch Bishops"]
[WhiteFideId "2059630"]
[BlackFideId "30908205"]
[EventDate "2018.03.13"]

1. d4 d5 2. Bf4 c5 3. e3 Nf6 4. dxc5 Qa5+ 5. Nc3 e6 6. a3 Qxc5 7. Nb5 Na6 8. b4
Qb6 9. Bd3 Bd7 10. Qe2 Be7 11. Nf3 O-O 12. O-O Rac8 13. Nfd4 Rfe8 14. Rfd1 Nb8
15. a4 Nc6 16. a5 Qd8 17. Nxc6 bxc6 18. Nd6 Bxd6 19. Bxd6 e5 20. Qd2 Bg4 21. Bc5
Bxd1 22. Qxd1 Qc7 23. Bf5 Rb8 24. Qe2 g6 25. Bh3 Ne4 26. g3 Nxc5 27. bxc5 Rb5
28. a6 Rxc5 29. Rb1 Rb8 30. Rc1 Qb6 31. Qf3 Kg7 32. Bf1 Qb2 33. Qd1 Qc3 34. Bd3
e4 35. Bf1 Rb2 36. h4 h5 37. Be2 Rxc2 38. Rxc2 Qxc2 39. Qd4+ f6 40. Qb4 Qc3 41.
Qb7+ Kh6 42. Qb8 f5 43. Kg2 Qg7 44. Qb4 Rc2 45. Bd1 Ra2 46. Ba4 c5 47. Qxc5 Rxa4
48. Qc6 Ra2 49. Qc8 d4 50. exd4 Qxd4 51. Qf8+ Qg7 52. Qc5 Rxa6 53. Kh3 Rf6 54.
Qc8 Kh7 55. Qa8 Rf7 56. Qd5 a6 57. Qc6 Ra7 58. Qa4 a5 59. Kg2 Qd7 60. Qa3 a4 61.
g4 hxg4 62. h5 gxh5 63. Qe3 a3 64. Qg5 Qf7 65. Kg3 a2 66. f4 a1=Q 0-1

[Event "PRO League KO Stage 2018"]
[Site "chess.com INT"]
[Date "2018.03.21"]
[Round "2"]
[White "Tang, Andrew"]
[Black "Akobian, Varuzhan"]
[Result "0-1"]
[WhiteTitle "IM"]
[BlackTitle "GM"]
[WhiteElo "2509"]
[BlackElo "2640"]
[WhiteTeam "Minnesota Blizzard"]
[BlackTeam "Saint Louis Arch Bishops"]
[WhiteFideId "2059630"]
[BlackFideId "13300580"]
[EventDate "2018.03.13"]

1. d4 e6 2. Bf4 Nf6 3. e3 c5 4. Nf3 b6 5. Nc3 a6 6. d5 Bb7 7. e4 b5 8. Qe2 Qa5
9. O-O-O b4 10. Nb1 Qxa2 11. Qe3 Ng4 12. Qd2 Nf6 13. Qe3 Ng4 14. Qd2 Nf6 15. Bg3
Nxe4 16. Qf4 Bxd5 17. Bd3 Nxg3 18. hxg3 Be7 19. Ne5 Bf6 20. Be4 Bxe4 21. Qxe4 d5
22. Qf4 Nd7 23. Nf3 Qxb2+ 24. Kd2 Ne5 25. Ne1 Nc4+ 26. Ke2 Qe5+ 27. Kf3 h5 28.
Nd3 Qxf4+ 29. gxf4 g6 30. Nxc5 Ke7 31. Rhe1 Nb6 32. Nd2 Bc3 33. Re2 Bxd2 34.
Rdxd2 Rhc8 35. Nd3 a5 36. Re1 Rc3 37. g3 Rac8 38. Ra1 Nc4 39. Re2 Na3 40. Kg2
Rxc2 41. Re3 R8c3 0-1

[Event "PRO League KO Stage 2018"]
[Site "chess.com INT"]
[Date "2018.03.21"]
[Round "2"]
[White "Sebenik, Matej"]
[Black "Bacrot, Etienne"]
[Result "1/2-1/2"]
[WhiteTitle "GM"]
[BlackTitle "GM"]
[WhiteElo "2562"]
[BlackElo "2718"]
[WhiteTeam "Ljubljana Turtles"]
[BlackTeam "Marseille Migraines"]
[WhiteFideId "14602296"]
[BlackFideId "605506"]
[EventDate "2018.03.13"]

1. d4 Nf6 2. c4 e6 3. Nf3 b6 4. g3 Bb7 5. Bg2 g6 6. O-O Bg7 7. Bf4 O-O 8. Nc3
Ne4 9. Nb5 Na6 10. Nd2 d5 11. cxd5 Nxd2 12. Qxd2 Bxd5 13. Bxd5 Qxd5 14. Nxc7
Nxc7 15. Bxc7 Rac8 16. Rfc1 Qd7 17. Bf4 Qxd4 18. Qxd4 Bxd4 19. Rxc8 Rxc8 20. Rc1
Rxc1+ 21. Bxc1 Kf8 22. b3 Ke7 23. e3 Bc5 24. Kf1 Kd6 25. Ke2 f5 26. f3 b5 27.
Kd3 a6 28. Bb2 1/2-1/2

[Event "PRO League KO Stage 2018"]
[Site "chess.com INT"]
[Date "2018.03.21"]
[Round "2"]
[White "Sebenik, Matej"]
[Black "Maurizzi, Marc Andria"]
[Result "1-0"]
[WhiteTitle "GM"]
[BlackTitle "CM"]
[WhiteElo "2562"]
[BlackElo "2119"]
[WhiteTeam "Ljubljana Turtles"]
[BlackTeam "Marseille Migraines"]
[WhiteFideId "14602296"]
[BlackFideId "36083534"]
[EventDate "2018.03.13"]

1. Nf3 Nf6 2. g3 d5 3. Bg2 Bf5 4. O-O e6 5. d3 h6 6. c4 Be7 7. Qb3 O-O 8. Qxb7
Nbd7 9. Qb3 Nc5 10. Qc2 dxc4 11. Qxc4 Rb8 12. Nd4 Rb6 13. Nxf5 exf5 14. Be3 Nfd7
15. b4 Ne6 16. Bxb6 Nxb6 17. Qc1 Nd4 18. Qd1 Bxb4 19. a3 Be7 20. e3 Ne6 21. d4
Bf6 22. Ra2 c5 23. dxc5 Nxc5 24. Qxd8 Rxd8 25. Rd2 Rxd2 26. Nxd2 Bb2 27. Nb1 Nc4
28. Bd5 Nxa3 29. Nxa3 Bxa3 30. Ra1 Bb4 31. Rxa7 Ne6 32. Ra8+ Kh7 33. Bxe6 fxe6
34. Re8 Kg6 35. Rxe6+ Kf7 36. Rc6 h5 37. h3 g6 38. Kg2 Ba3 39. g4 hxg4 40. hxg4
fxg4 41. Kg3 Bb2 42. Kxg4 Kg7 43. f4 Ba1 44. e4 Bb2 45. Kg5 1-0

[Event "PRO League KO Stage 2018"]
[Site "chess.com INT"]
[Date "2018.03.21"]
[Round "2"]
[White "Chu, Ruotong"]
[Black "Clarke, Brandon G I"]
[Result "0-1"]
[BlackTitle "FM"]
[WhiteElo "2284"]
[BlackElo "2362"]
[WhiteTeam "Chengdu Pandas"]
[BlackTeam "Australia Kangaroos"]
[WhiteFideId "8605653"]
[BlackFideId "400319"]
[EventDate "2018.03.13"]

1. d4 Nf6 2. c4 g6 3. Nc3 Bg7 4. e4 d6 5. Nf3 O-O 6. Be2 e5 7. dxe5 dxe5 8. Qxd8
Rxd8 9. Bg5 c6 10. Nxe5 Re8 11. O-O-O Na6 12. Rd6 Nh5 13. Ng4 Nc5 14. Nf6+ Nxf6
15. Bxf6 Bxf6 16. Rxf6 Nxe4 17. Nxe4 Rxe4 18. Bd3 Rd4 19. Rf3 Bg4 20. Re3 Rad8
21. Kc2 b5 22. cxb5 cxb5 23. Rhe1 Kg7 24. f3 Be6 25. b3 b4 26. R1e2 Rc8+ 27. Kb2
Rc3 28. Bc4 Rxe3 29. Rxe3 Rd2+ 30. Kc1 Rxg2 31. Bxe6 fxe6 32. Rxe6 Rxa2 33. Re7+
Kh6 34. h4 a5 35. Re5 Rf2 36. Rxa5 Rxf3 37. h5 g5 38. Kc2 g4 39. Rb5 g3 40. Rxb4
Kxh5 41. Rb7 Kg6 42. Rb8 Kg7 43. Rb7+ Rf7 44. Rb4 h5 45. Rb5 Kh6 0-1

[Event "PRO League KO Stage 2018"]
[Site "chess.com INT"]
[Date "2018.03.21"]
[Round "2"]
[White "Chu, Ruotong"]
[Black "Sarana, Alexey"]
[Result "0-1"]
[BlackTitle "GM"]
[WhiteElo "2284"]
[BlackElo "2577"]
[WhiteTeam "Chengdu Pandas"]
[BlackTeam "Australia Kangaroos"]
[WhiteFideId "8605653"]
[BlackFideId "24133795"]
[EventDate "2018.03.13"]

1. d4 d6 2. e4 Nf6 3. Nc3 e5 4. dxe5 dxe5 5. Qxd8+ Kxd8 6. Nf3 Bd6 7. Bg5 Be6 8.
O-O-O Nd7 9. Bb5 Kc8 10. Bxf6 Nxf6 11. Ng5 a6 12. Be2 b5 13. Nxe6 fxe6 14. a4 b4
15. Nb1 Bc5 16. Rhf1 Rf8 17. Nd2 Nd7 18. Nf3 h6 19. b3 Bd6 20. Nd2 Bc5 21. Nf3
Rf4 22. Bc4 Rf6 23. h3 Bd6 24. Be2 Bc5 25. Rd2 Bd6 26. Rdd1 Kd8 27. Nd2 Ke7 28.
Nc4 Bc5 29. f3 Bd4 30. Na5 Nb8 31. Kb1 Rf8 32. Nc4 a5 33. f4 Nd7 34. fxe5 Rxf1
35. Bxf1 c5 36. Be2 Ra7 37. Rf1 Nxe5 38. Nxe5 Bxe5 39. Bh5 Kd6 40. Kc1 Bc3 41.
Rf7 Ra8 42. Be2 Rd8 43. Rf3 Ke5 44. Bd3 g5 45. Kd1 h5 46. Ke2 Rd7 47. Rf8 g4 48.
hxg4 hxg4 49. g3 Rh7 50. Rg8 Rh2+ 51. Kf1 Kd4 52. Rxg4 Ke3 53. Rf4 Be5 54. Rf7
Bxg3 55. Rf8 Bf4 56. Kg1 Rd2 57. Rh8 Kf3 58. Rh3+ Bg3 59. Rh8 Rd1+ 60. Bf1 Bf2+
61. Kh2 Rxf1 62. Rf8+ Ke3 63. Kg2 Rg1+ 64. Kh3 Rg3+ 65. Kh2 Rg5 66. Rf6 e5 67.
Ra6 Bg3+ 68. Kh1 Bf4 69. Rxa5 Kf2 0-1

[Event "PRO League KO Stage 2018"]
[Site "chess.com INT"]
[Date "2018.03.21"]
[Round "2"]
[White "Kuybokarov, Temur"]
[Black "Ni, Hua"]
[Result "1/2-1/2"]
[WhiteTitle "IM"]
[BlackTitle "GM"]
[WhiteElo "2472"]
[BlackElo "2670"]
[WhiteTeam "Australia Kangaroos"]
[BlackTeam "Chengdu Pandas"]
[WhiteFideId "14203049"]
[BlackFideId "8601160"]
[EventDate "2018.03.13"]

1. d4 Nf6 2. c4 e6 3. Nc3 Bb4 4. Qc2 d5 5. a3 Bxc3+ 6. Qxc3 b6 7. Nf3 dxc4 8.
Qxc4 Ba6 9. Qa4+ Qd7 10. Qc2 Qc6 11. Qxc6+ Nxc6 12. Bf4 O-O-O 13. Rc1 Kb7 14. g4
Nd5 15. Bg3 f5 16. gxf5 exf5 17. Rxc6 Kxc6 18. Ne5+ Kb7 19. Nf7 f4 20. Bh4 Rde8
21. Nxh8 Rxh8 22. Bg2 c6 23. Kd2 Re8 24. Re1 h6 25. e4 fxe3+ 26. fxe3 g5 27. Bg3
Bc4 28. Bf3 Rf8 29. Bd1 Nf6 30. e4 Be6 31. Bf3 Bg4 32. Bg2 Nh5 33. Ke3 Nxg3 34.
hxg3 h5 35. e5 Be6 36. Rh1 Rh8 37. b4 a6 38. Rh2 h4 39. gxh4 gxh4 40. Bh3 Bxh3
41. Rxh3 Kc7 42. Kf4 Kd7 43. Kg5 Ke6 44. Rxh4 Rxh4 45. Kxh4 c5 46. dxc5 bxc5 47.
bxc5 Kxe5 48. Kg5 Kd5 49. Kf4 Kxc5 50. Ke3 1/2-1/2

[Event "PRO League KO Stage 2018"]
[Site "chess.com INT"]
[Date "2018.03.21"]
[Round "2"]
[White "Kuybokarov, Temur"]
[Black "Chu, Ruotong"]
[Result "1/2-1/2"]
[WhiteTitle "IM"]
[WhiteElo "2472"]
[BlackElo "2284"]
[WhiteTeam "Australia Kangaroos"]
[BlackTeam "Chengdu Pandas"]
[WhiteFideId "14203049"]
[BlackFideId "8605653"]
[EventDate "2018.03.13"]

1. d4 Nf6 2. c4 g6 3. Nc3 d5 4. cxd5 Nxd5 5. e4 Nxc3 6. bxc3 Bg7 7. Nf3 c5 8.
Be3 O-O 9. Be2 Qa5 10. O-O Qxc3 11. Rc1 Qa3 12. Rxc5 b6 13. Bc1 Qxa2 14. Bc4 Qa1
15. Rc7 Ba6 16. Bxa6 Nxa6 17. Rxe7 Qc3 18. Qe2 Nb4 19. Bd2 Qd3 20. Qxd3 Nxd3 21.
Rb1 a5 22. Rb3 Nb4 23. Bxb4 axb4 24. h3 Rfc8 25. Rb7 Ra1+ 26. Kh2 Ra2 27. d5
Rxf2 28. d6 Rd8 29. Rxb6 Bf8 30. e5 f6 31. R3xb4 fxe5 32. Rb8 Rxd6 33. Re8 Rf6
34. Rb3 Kg7 35. Kg1 Ra2 36. Rb7+ Kh6 37. Nxe5 Bc5+ 38. Kh2 Bd6 39. Kg1 Bxe5 40.
Rxe5 Rff2 41. g4 Rg2+ 42. Kf1 Raf2+ 43. Ke1 Ra2 44. g5+ Rxg5 45. Rxg5 Kxg5 46.
Rxh7 Rh2 47. Kf1 Kf4 48. Kg1 Ra2 49. Rg7 Kg3 50. Rxg6+ Kxh3 51. Kf1 Ra1+ 52. Ke2
Ra2+ 53. Kf3 Ra3+ 54. Kf4 Ra4+ 55. Ke5 Ra5+ 56. Kd4 Ra4+ 57. Kc3 Ra3+ 58. Kb2
Rg3 59. Rf6 Kg2 60. Kc2 Rf3 61. Rxf3 Kxf3 1/2-1/2

[Event "PRO League KO Stage 2018"]
[Site "chess.com INT"]
[Date "2018.03.21"]
[Round "2"]
[White "Skuhala, Luka"]
[Black "Vachier-Lagrave, Maxime"]
[Result "1/2-1/2"]
[BlackTitle "GM"]
[WhiteElo "2087"]
[BlackElo "2789"]
[WhiteTeam "Ljubljana Turtles"]
[BlackTeam "Marseille Migraines"]
[WhiteFideId "14605678"]
[BlackFideId "623539"]
[EventDate "2018.03.13"]

1. e4 c5 2. Nf3 e6 3. d4 cxd4 4. Nxd4 Nc6 5. Nc3 Qc7 6. Be3 a6 7. Qd2 Nf6 8. f4
Bb4 9. Bd3 b5 10. a3 Ba5 11. Nxc6 Qxc6 12. b4 Ng4 13. Bg1 Bb6 14. Be2 Bxg1 15.
Rxg1 Nf6 16. Bf3 Bb7 17. e5 Nd5 18. Nxd5 exd5 19. O-O-O a5 20. Bxd5 Qxd5 21.
Qxd5 Bxd5 22. Rxd5 axb4 23. Rxb5 bxa3 24. Kb1 Ke7 25. Rd1 Rhb8 26. Rb3 Rc8 27.
Rb7 a2+ 28. Ka1 Rxc2 29. Rdxd7+ Ke6 30. Rd6+ Kf5 31. Rxf7+ Ke4 32. Rd1 Rxg2 33.
e6 Rc2 34. e7 Rcc8 35. Rxg7 Kxf4 36. Rxh7 Kf5 37. Rh5+ Kf6 38. Re1 Re8 39. Rh6+
Kg7 40. Rhe6 Ra7 41. R6e3 Ra6 42. h4 Kf7 43. h5 Kg7 44. Rg3+ Kf7 45. Rf3+ Rf6
46. Rxf6+ Kxf6 47. h6 Kg6 48. Re6+ Kf7 49. Re2 Kg6 50. Re6+ Kf7 1/2-1/2

[Event "PRO League KO Stage 2018"]
[Site "chess.com INT"]
[Date "2018.03.21"]
[Round "2"]
[White "Skuhala, Luka"]
[Black "Gozzoli, Yannick"]
[Result "1-0"]
[BlackTitle "GM"]
[WhiteElo "2087"]
[BlackElo "2576"]
[WhiteTeam "Ljubljana Turtles"]
[BlackTeam "Marseille Migraines"]
[WhiteFideId "14605678"]
[BlackFideId "616915"]
[EventDate "2018.03.13"]

1. e4 e5 2. Nf3 Nc6 3. Bc4 Nf6 4. d3 Bc5 5. O-O O-O 6. Re1 d6 7. c3 Ne7 8. Bg5
Ng6 9. d4 exd4 10. cxd4 Bb6 11. Nc3 h6 12. Bxf6 Qxf6 13. Nd5 Qd8 14. Nxb6 axb6
15. e5 d5 16. Bb3 Be6 17. Qd3 c5 18. Bc2 c4 19. Qd2 b5 20. h3 Qa5 21. Qc1 Rae8
22. a3 Ne7 23. Nh4 Nc6 24. Qe3 Qd8 25. Nf3 Qe7 26. Rad1 Ra8 27. g4 b4 28. axb4
Qxb4 29. Qc1 f6 30. Bb1 Qe7 31. exf6 Rxf6 32. Re3 Qf7 33. Kg2 Rf8 34. Qc2 g6 35.
Qe2 Bd7 36. Rf1 Rf4 37. Ne5 Nxe5 38. Rxe5 Re8 39. Qe3 Rxe5 40. Qxe5 g5 41. f3
Qe6 42. Qb8+ Rf8 43. Qxb7 Qd6 44. Rf2 Rf7 45. Qa8+ Kg7 46. Qa5 Re7 47. Qc3 Qf4
48. Qc2 1-0

[Event "PRO League KO Stage 2018"]
[Site "chess.com INT"]
[Date "2018.03.21"]
[Round "2"]
[White "Vidit, Santosh Gujrathi"]
[Black "Melkumyan, Hrant"]
[Result "1/2-1/2"]
[WhiteTitle "GM"]
[BlackTitle "GM"]
[WhiteElo "2723"]
[BlackElo "2664"]
[WhiteTeam "Mumbai Movers"]
[BlackTeam "Armenia Eagles"]
[WhiteFideId "5029465"]
[BlackFideId "13302485"]
[EventDate "2018.03.13"]

1. c4 e5 2. Nc3 Nf6 3. Nf3 Nc6 4. g3 d5 5. cxd5 Nxd5 6. Bg2 Nb6 7. O-O Be7 8. d3
O-O 9. a3 a5 10. Be3 Be6 11. Na4 Nd5 12. Bc5 b6 13. Bxe7 Ndxe7 14. Rc1 Qd7 15.
Nc3 f6 16. Qa4 Rac8 17. Rfd1 Rfd8 18. e3 Qe8 19. d4 exd4 20. Nxd4 Nxd4 21. Qxe8+
Rxe8 22. exd4 c6 23. b4 axb4 24. axb4 Kf7 25. b5 1/2-1/2

[Event "PRO League KO Stage 2018"]
[Site "chess.com INT"]
[Date "2018.03.21"]
[Round "2"]
[White "Vidit, Santosh Gujrathi"]
[Black "Grigoryan, Karen H."]
[Result "1/2-1/2"]
[WhiteTitle "GM"]
[BlackTitle "GM"]
[WhiteElo "2723"]
[BlackElo "2571"]
[WhiteTeam "Mumbai Movers"]
[BlackTeam "Armenia Eagles"]
[WhiteFideId "5029465"]
[BlackFideId "13301004"]
[EventDate "2018.03.13"]

1. d4 g6 2. e4 Bg7 3. Nf3 d6 4. Be3 Nf6 5. Nc3 O-O 6. h3 a6 7. a4 Nc6 8. Be2 e5
9. dxe5 dxe5 10. O-O Be6 11. a5 h6 12. Qc1 Kh7 13. Rd1 Qc8 14. b4 Rd8 15. Qb2
Nh5 16. Rxd8 Qxd8 17. Rd1 Nd4 18. Kh2 Qe7 19. Nxd4 exd4 20. Bxd4 Qd6+ 21. e5
Bxe5+ 22. Bxe5 Qxe5+ 23. Kh1 Nf4 24. Bf3 Re8 25. Na4 Qf5 26. Qc3 Bd5 27. Bxd5
Nxd5 28. Qd3 Qxd3 29. Rxd3 Nxb4 30. Rd7 Kg8 31. Rxc7 1/2-1/2

[Event "PRO League KO Stage 2018"]
[Site "chess.com INT"]
[Date "2018.03.21"]
[Round "2"]
[White "Gurevich, Daniel"]
[Black "Chen, Forest"]
[Result "1-0"]
[WhiteTitle "IM"]
[WhiteElo "2471"]
[BlackElo "2107"]
[WhiteTeam "Minnesota Blizzard"]
[BlackTeam "Saint Louis Arch Bishops"]
[WhiteFideId "2044676"]
[BlackFideId "30908205"]
[EventDate "2018.03.13"]

1. e4 c6 2. d4 d5 3. e5 Bf5 4. h4 h5 5. Bd3 Bxd3 6. Qxd3 e6 7. Bg5 Qb6 8. Nd2
Ne7 9. Ne2 Nf5 10. O-O Nd7 11. c4 Be7 12. cxd5 cxd5 13. Bxe7 Nxe7 14. Nf3 Nf5
15. Rac1 O-O 16. Ng3 g6 17. Nxf5 exf5 18. Rc3 Nb8 19. Qe3 Kg7 20. e6 f6 21. Qf4
Nc6 22. Rb3 Qd8 23. Rxb7+ Ne7 24. Rd7 Qe8 25. Qd6 1-0

[Event "PRO League KO Stage 2018"]
[Site "chess.com INT"]
[Date "2018.03.21"]
[Round "2"]
[White "Gurevich, Daniel"]
[Black "Akobian, Varuzhan"]
[Result "0-1"]
[WhiteTitle "IM"]
[BlackTitle "GM"]
[WhiteElo "2471"]
[BlackElo "2640"]
[WhiteTeam "Minnesota Blizzard"]
[BlackTeam "Saint Louis Arch Bishops"]
[WhiteFideId "2044676"]
[BlackFideId "13300580"]
[EventDate "2018.03.13"]

1. d4 e6 2. Bf4 Nf6 3. e3 c5 4. Nf3 b6 5. c3 Be7 6. h3 O-O 7. Bd3 cxd4 8. cxd4
Ba6 9. Bxa6 Nxa6 10. O-O Nb4 11. a3 Nbd5 12. Bh2 b5 13. Nbd2 d6 14. e4 Nb6 15.
Qe2 Qd7 16. Rfc1 Rfc8 17. Bf4 a6 18. Qd3 Rxc1+ 19. Rxc1 Rc8 20. Rc2 h6 21. Be3
d5 22. Ne5 Qb7 23. exd5 Nfxd5 24. Ne4 Nc4 25. Bc1 Nxe5 26. dxe5 Qb8 27. Rxc8+
Qxc8 28. Bd2 Qc7 29. f4 Qc6 30. Kh2 a5 31. Nc3 Nc7 32. Ne4 b4 33. axb4 axb4 34.
Ng3 g6 35. f5 exf5 36. Bxh6 Ne6 37. Bd2 Qc5 38. Qe2 Qd4 39. Bc1 Bc5 40. Nf1 f4
41. h4 Qg1+ 42. Kh3 Bf2 43. Nh2 Bg3 44. Nf1 Qh1+ 0-1

[Event "PRO League KO Stage 2018"]
[Site "chess.com INT"]
[Date "2018.03.21"]
[Round "2"]
[White "Xu, Xiangyu"]
[Black "Smirnov, Anton"]
[Result "1/2-1/2"]
[WhiteTitle "GM"]
[BlackTitle "GM"]
[WhiteElo "2545"]
[BlackElo "2543"]
[WhiteTeam "Chengdu Pandas"]
[BlackTeam "Australia Kangaroos"]
[WhiteFideId "8608288"]
[BlackFideId "3208923"]
[EventDate "2018.03.13"]

1. d4 Nf6 2. Bf4 d5 3. e3 e6 4. Nd2 c5 5. c3 Nc6 6. Ngf3 Bd6 7. Bg3 O-O 8. Bb5
Be7 9. Bd3 Nh5 10. Ne5 g6 11. Nxc6 bxc6 12. O-O Nxg3 13. hxg3 cxd4 14. cxd4 c5
15. dxc5 Bxc5 16. Rc1 Bd6 17. Rc2 Bb7 18. Qe2 Qa5 19. a3 Rac8 20. Rfc1 Rxc2 21.
Rxc2 Rc8 22. Qd1 Rxc2 23. Qxc2 Kf8 24. Nb3 Qe1+ 25. Bf1 Ba6 26. Qc1 Qxc1 27.
Nxc1 Bb7 28. Nb3 Bc7 29. Bb5 Bb6 30. a4 a5 31. Kf1 Ke7 32. Ke2 e5 33. f3 Bc8 34.
g4 f6 35. Nc1 Be6 36. Kd2 Bc5 37. Ke2 Bd6 38. Nb3 Bb4 39. Nc1 Bc5 40. Nd3 Bd6
41. Nc1 Kd8 42. Kd3 e4+ 43. Ke2 Be5 44. Nb3 Bxb2 45. Nxa5 Kc7 46. Nc6 exf3+ 47.
Kxf3 Kb6 48. Nb4 Bc3 49. Nd3 Bf7 50. Nf4 Be5 51. Nd3 Bc3 52. Nf4 Be5 53. Nd3 Bd6
54. Nf4 Bb4 55. Bd7 Kc5 56. Be6 Be8 57. Bxd5 Bxa4 58. Bg8 Bd1+ 59. Kf2 Bc3 60.
Bxh7 g5 61. Ne2 Be5 62. Bf5 Ba4 63. Ng3 Kc4 64. Ne4 Bc6 65. Ke2 Kb4 66. Bg6 Bb5+
67. Kf2 Ka3 68. Nc5 Bd6 69. Ne4 Be5 70. Nc5 Bc6 71. Be4 Be8 72. Bd5 Bd6 73. Ne4
Be7 74. Kf3 Kb2 75. Ng3 Bd6 76. Nf5 Be5 77. Ne7 Ba4 78. Kf2 Kc1 79. Bc6 Bb3 80.
Bd5 Bc2 81. Nc6 Bc3 82. Nd4 Bd3 83. Bf3 Kb2 84. Be2 Be4 85. Bf3 Bd3 86. Be2 Bg6
87. Bf3 Bb4 88. Bd5 Bc3 89. Nf5 Be8 90. Nd6 Bd7 91. Ne4 Be5 92. Kf3 Kc1 93. Nc5
Bb5 94. Be4 Kd2 95. Kf2 Kc3 96. Bf5 Kb4 97. Nd3+ Bxd3 98. Bxd3 Kc5 1/2-1/2

[Event "PRO League KO Stage 2018"]
[Site "chess.com INT"]
[Date "2018.03.21"]
[Round "2"]
[White "Xu, Xiangyu"]
[Black "Kuybokarov, Temur"]
[Result "1-0"]
[WhiteTitle "GM"]
[BlackTitle "IM"]
[WhiteElo "2545"]
[BlackElo "2472"]
[WhiteTeam "Chengdu Pandas"]
[BlackTeam "Australia Kangaroos"]
[WhiteFideId "8608288"]
[BlackFideId "14203049"]
[EventDate "2018.03.13"]

1. Nf3 d5 2. d4 Nf6 3. c4 e6 4. g3 Bb4+ 5. Bd2 Bd6 6. Bg2 c6 7. Qc2 Nbd7 8. O-O
O-O 9. Bg5 h6 10. Bxf6 Nxf6 11. Nbd2 b6 12. e4 Be7 13. e5 Nd7 14. cxd5 cxd5 15.
Rfc1 Ba6 16. Qa4 Bb7 17. Rc3 a6 18. Rac1 b5 19. Qd1 Nb6 20. Ne1 Nc4 21. Nd3 Qb6
22. Nb3 b4 23. R3c2 a5 24. Nbc5 Bc6 25. Qg4 Bb5 26. h4 Rac8 27. b3 Na3 28. Nxe6
Qxe6 29. Qxe6 fxe6 30. Rxc8 Bxd3 31. Bh3 Bf5 32. Bxf5 exf5 33. R8c7 Kf7 34. Rb7
Re8 35. Rc5 Nb1 36. Rxd5 Nc3 37. Rd6 Nxa2 38. d5 Nc1 39. Rdd7 Nxb3 40. d6 Nd4
41. Rxe7+ Rxe7 42. Rxe7+ Kf8 43. Rb7 Nf3+ 44. Kg2 Nxe5 45. Rb5 Nc6 46. Rc5 Nd8
47. Rxa5 g6 48. Rb5 Kf7 49. Rxb4 Ke6 50. Rb8 Nf7 51. Rg8 Ne5 52. f4 1-0

[Event "PRO League KO Stage 2018"]
[Site "chess.com INT"]
[Date "2018.03.21"]
[Round "2"]
[White "Andriasian, Zaven"]
[Black "Sadhwani, Raunak"]
[Result "1/2-1/2"]
[WhiteTitle "GM"]
[BlackTitle "FM"]
[WhiteElo "2586"]
[BlackElo "2369"]
[WhiteTeam "Armenia Eagles"]
[BlackTeam "Mumbai Movers"]
[WhiteFideId "13302000"]
[BlackFideId "35093487"]
[EventDate "2018.03.13"]

1. e4 c6 2. d3 d5 3. Nd2 e5 4. Ngf3 Bd6 5. g3 Nf6 6. Bg2 O-O 7. O-O Qc7 8. Re1
Re8 9. Qe2 Nbd7 10. Nh4 g6 11. Nf1 dxe4 12. dxe4 Bf8 13. h3 Nc5 14. Nh2 Ne6 15.
c3 b6 16. Be3 a5 17. Rad1 Ba6 18. Qc2 Rad8 19. N4f3 Bc5 20. Bc1 Bf8 21. Ng4 Nxg4
22. hxg4 Nc5 23. Bf1 Bxf1 24. Rxf1 Ne6 25. Kg2 Rxd1 26. Rxd1 Rd8 27. Rxd8 Nxd8
28. Bg5 Ne6 29. Qd2 Nxg5 30. Qxg5 Bg7 31. Qd2 h6 32. a4 Bf8 33. Qd3 Kg7 34. Qc4
Qd6 35. Qa6 Qc7 36. Qa8 Bd6 37. Qe8 Be7 38. Qa8 Bc5 39. Qa6 Bd6 40. Kf1 Bc5 41.
Qd3 Qd6 42. Qe2 Qe6 43. Qd3 Qd6 44. Qxd6 Bxd6 45. Ke2 Kf6 46. Nd2 Ke6 47. Nc4
Bc7 48. b4 axb4 49. cxb4 b5 50. axb5 cxb5 51. Ne3 Bd6 52. Nd5 Kd7 53. Kd3 Ke6
54. Kc3 Kd7 55. Kd2 Ke6 56. Ke2 Kd7 57. f3 Ke6 58. Ke3 Kd7 59. Kd3 Ke6 1/2-1/2

[Event "PRO League KO Stage 2018"]
[Site "chess.com INT"]
[Date "2018.03.21"]
[Round "2"]
[White "Andriasian, Zaven"]
[Black "Vidit, Santosh Gujrathi"]
[Result "1/2-1/2"]
[WhiteTitle "GM"]
[BlackTitle "GM"]
[WhiteElo "2586"]
[BlackElo "2723"]
[WhiteTeam "Armenia Eagles"]
[BlackTeam "Mumbai Movers"]
[WhiteFideId "13302000"]
[BlackFideId "5029465"]
[EventDate "2018.03.13"]

1. e4 c6 2. d3 d5 3. Nd2 e5 4. Ngf3 Bd6 5. g3 Nf6 6. Bg2 O-O 7. O-O Re8 8. Re1
Nbd7 9. Qe2 a5 10. Nh4 Nc5 11. h3 a4 12. Nf1 dxe4 13. dxe4 h6 14. c3 Bf8 15. Rd1
Qc7 16. Nh2 g6 17. Ng4 Bxg4 18. hxg4 b5 19. g5 hxg5 20. Bxg5 Bg7 21. Bf3 Rad8
22. Ng2 Rxd1+ 23. Rxd1 Rd8 24. Rxd8+ Qxd8 25. Ne1 Qd6 26. Kg2 Qe6 27. a3 Qd7 28.
Nc2 Ne8 29. Be3 Nb3 30. Nb4 Na5 31. Qc2 Nd6 32. Qd1 Nac4 33. Bc1 Qc7 34. Nc2 Bf8
35. Qe2 Na5 36. Nb4 Ndc4 37. Bg5 Be7 38. Bc1 Nb3 39. Nd3 Qd8 40. Be3 Bg5 41.
Bxg5 Qxg5 42. Bg4 Qe7 43. Nb4 Qc7 44. Qc2 Nc5 45. Be2 Nd6 46. Bf3 Kf8 47. Qe2
Nc4 48. Qc2 Ke7 49. Be2 Qd7 50. Bxc4 bxc4 51. Qe2 Nd3 52. Qe3 Kf8 53. Qb6 Qg4
54. Nxd3 Qxe4+ 55. f3 Qxd3 56. Qb8+ Kg7 57. Qxe5+ Kg8 58. Qe8+ Kg7 59. Qe5+ Kg8
60. Kf2 Qc2+ 61. Qe2 Qc1 62. Kg2 Kg7 63. f4 Kg8 64. Kf3 Qh1+ 65. Ke3 Qg1+ 66.
Qf2 Qd1 67. Qe2 Qg1+ 68. Qf2 Qd1 69. Qe2 Qg1+ 1/2-1/2

[Event "PRO League KO Stage 2018"]
[Site "San Francisco USA"]
[Date "2018.04.07"]
[Round "3"]
[White "Chu, Ruotong"]
[Black "Lenic, Luka"]
[Result "0-1"]
[BlackTitle "GM"]
[WhiteElo "2284"]
[BlackElo "2662"]
[WhiteTeam "Chengdu Pandas"]
[BlackTeam "Ljubljana Turtles"]
[WhiteFideId "8605653"]
[BlackFideId "14603853"]
[EventDate "2018.03.13"]

1. d4 Nf6 2. c4 e6 3. g3 d5 4. Bg2 Bb4+ 5. Bd2 Be7 6. Nf3 O-O 7. O-O Nbd7 8. Qb3
Nb6 9. c5 Nc4 10. Bf4 b6 11. cxb6 axb6 12. Nbd2 Nxd2 13. Bxd2 Ba6 14. Rfe1 c5
15. a4 Ne4 16. Be3 Rc8 17. dxc5 bxc5 18. Qc2 Bf6 19. Nd2 Nxd2 20. Bxd2 Qb6 21.
Rab1 Rfd8 22. b3 h6 23. a5 Qa7 24. b4 cxb4 25. Qa4 Bc3 26. Rbd1 Bc4 27. Be3 d4
28. Bd2 Rc5 29. Bxc3 bxc3 30. Ra1 Ba6 31. Be4 Re5 32. Qc2 Rb8 33. Reb1 Rxb1+ 34.
Qxb1 Rb5 35. Qd1 Rb2 36. Bc2 Qc5 37. Ra4 e5 38. f4 Rxc2 39. Qxc2 d3+ 0-1